Nové cesty k vedeckým informáciam

Bibliographic Details
Main Author: Horáková, Ľubica, 1949 jún 25 (Author)
Format: Article
Language:Slovak
Subjects:

MARC

LEADER 00000nab a2200000 a 4500
001 vtls000304941
003 SK-MaSNL
005 20260304144320.0
008 230217c1988 xo 0 slo
015 |a SNBRB19rr/mm-uuuuu 
035 |a CL0315060 
035 |a urn:nbn:sk:snk-abbhq8 
035 |a (urnnbn)urn:nbn:sk:snk:ar-000qhb 
035 |a (uuid)3c485928-0554-42cd-a0f1-0bf2c2cc45bb 
040 |a SNKBUCL  |b slo  |c SNKBUCL  |e AACR2 
041 0 |a slo 
044 |a xo  |c SK 
080 |a 027.7(437.6)  |2 1981 
080 |a 002.66  |2 1981 
080 |a 025.5  |2 1981 
080 |a 681.327.8  |2 1981 
100 1 |a Horáková, Ľubica,  |d 1949 jún 25. -  |4 aut  |9 37823 
245 1 0 |a Nové cesty k vedeckým informáciam  |c Ľ. Horáková ; Ľubica Horáková 
650 0 7 |a Knižnica a ŠIS LFUK, Martin  |2 snkbucl  |9 1465816 
650 0 7 |a informačné strediská  |2 snkbucl  |9 63914 
650 0 7 |a rešeršné služby  |2 snkbucl  |9 71429 
650 0 7 |a terminály  |2 snkbucl  |9 909673 
655 7 |a články z novín a časopisov  |2 snkbucl  |9 267496 
655 7 |a články z odboru knihovníctvo  |2 snkbucl  |9 166141 
700 1 |a Horáková, Ľubica,  |d 1949 jún 25. -  |4 aut  |9 37823 
773 0 |t Čitateľ  |g Roč. 37, č. 2 (1988), s. 75 
850 |a Slovenská národná knižnica v Martine  |a MTA001 
852 |a SNK  |b KIS3GCP 
954 |a odborná, vedecká literatúra pôvodná (slovenská)  |2 lita 
957 |a 5306 
958 |a RK 
958 |a KL 
958 |a OND 
958 |a EUIPO 
958 |a article15 
992 |a RBX 
999 |c 2930639  |d 2932569